Visualizzazione normale
Vista MARC
- Becaud Gilbert
di Personal Name
Records bibliografici associati: 1
001 - CONTROL NUMBER
- control field: 8516
003 - CONTROL NUMBER IDENTIFIER
- control field: IT-RoPau
005 - DATE AND TIME OF LATEST TRANSACTION
- control field: 20140109151137.0
008 - FIXED-LENGTH DATA ELEMENTS
- fixed length control field: 140109|| aca||aabn | a|a d
040 ## - CATALOGING SOURCE
- Original cataloging agency: IT-RoPau
- Transcribing agency: IT-RoPau
100 ## - HEADING--PERSONAL NAME
- Personal name: Becaud Gilbert
- Relator term: Autore musica
- Miscellaneous information: Codice autore musica SPICS: 10748
- Name of part/section of a work: Silly symphonie
670 ## - SOURCE DATA FOUND
- Source citation: Work cat.: (IT-RoPau)98986: AA.VV. 794, Romantico blues